HIMYM Character Trivia Blitz Quiz Stats

 Plays Quiz Updated Jan 23, 2015

Challenge
Share
Tweet
Embed
Score 0/30 Timer 03:00
1 Play Today
Hint Character % Correct
Creator of 'The Bro Code' and 'The Playbook'???
90.4%
Is the originator of 'Suit up' and 'Legen- wait for it-dary'???
90.1%
Believed father to be Bob Barker???
89.4%
Original singer of the hit single 'Let's Go To The Mall'???
89.1%
Developed a hot/crazy scale to judge members of the opposite sex???
88.5%
Born and raised in St. Cloud, Minnesota???
88%
Has a doppelgänger who is a stripper???
87.3%
Graduated from Columbia Law School???
86.7%
Temporarily escaped engagement via a painting fellowship in San Francisco???
86.3%
Was misnamed 'Swarley' by Chloe the coffee barista???
85.5%
Had to get a butterfly 'tramp stamp' tattoo removed???
84.7%
Went on a two-minute date with a busy love interest???
83.4%
Dated (and cheated on) a baker???
81.9%
Became distant with father, who declared he 'had no son,' after being caught kissing a male hockey teammate???
81.1%
The slap bet commissioner for the Slapsgiving series???
80.5%
Hint Character % Correct
Has only been in a relationship with one person . . . ever???
79.4%
Has the middle name 'Evelyn'???
75.4%
Punched a goat in the face???
71.2%
May or may not have been mugged by a monkey???
71.1%
Planned to join the Peace Corps with first serious significant other- that is, until betrayed???
68.6%
The only member of the group for whom the Naked Man seduction strategy failed???
67.6%
Had a dog named Sir Scratchewan who 'miraculously' transformed into a tortoise???
63.3%
Thought 'Cook Poo' was a made-up name and offended her multiple times???
58.6%
Turned down a job offer in Chicago for a relationship, then got dumped by the significant other taking that same job???
57.8%
Voiced great disapproval on own birthday for the 'random skanks' brought to events by a friend???
57.4%
Has the middle name 'Charles'???
48.6%
Went on the Super Date due to a last minute change of plans???
43.6%
Was the first person whose name was introduced in the series???
26.3%
Tends to pass out whenever church bells are heard???
24%
Accepts the offer to go on a date with Don Frank while posing as the person Don was actually asking out???
12.7%

You're not logged in!

Compare scores with friends on all Sporcle quizzes.
Join for Free
OR
Log In

You Might Also Like...

Show Comments

Extras

Top Quizzes Today


Score Distribution

Your Account Isn't Verified!

In order to create a playlist on Sporcle, you need to verify the email address you used during registration. Go to your Sporcle Settings to finish the process.

Report this User

Report this user for behavior that violates our Community Guidelines.

Details: